Principles of the new economics

Enregistré dans:
Détails bibliographiques
Auteur principal: Edie, Lionel D.
Format: Livre
Langue:anglais
Publié: London George G. Harrap 1922
Tags: Ajouter un tag
Pas de tags, Soyez le premier à ajouter un tag!

MARC

LEADER 00000nam a2200000 4500
001 c126608
005 20041019155238.5
041 0 |a eng 
044 |a GB 
245 1 0 |a Principles of the new economics  |c Lionel D. Edie 
264 1 |a London  |b George G. Harrap  |c 1922 
300 |a 525 s. 
100 1 |a Edie, Lionel D.